Об излучении на удвоенной плазменной частоте из облпсти взаимодействия двух коротких лазерных импульсов в разреженной плазме; Журнал экспериментальной и теоретической физики; Т. 125, вып. 3

Dades bibliogràfiques
Parent link:Журнал экспериментальной и теоретической физики=ЖЭТФ/ Российская академия наук (РАН) ; Отделение физических наук РАН.— , 1931-.— 0044-4510
Т. 125, вып. 3.— 2004.— с. 598-608
Autor principal: Горбунов Л. М.
Altres autors: Фролов А. А.
Idioma:rus
Publicat: 2004
Col·lecció:Плазма, газы
Matèries:
Format: MixedMaterials Capítol de llibre
KOHA link:https://koha.lib.tpu.ru/cgi-bin/koha/opac-detail.pl?biblionumber=431672

MARC

LEADER 00000naa2a2200000 4500
001 431672
005 20231101075412.0
035 |a (RuTPU)RU\TPU\prd\91834 
035 |a RU\TPU\prd\30584 
090 |a 431672 
100 |a 20101202a2004 k y0rusy50 ca 
101 0 |a rus 
102 |a RU 
200 1 |a Об излучении на удвоенной плазменной частоте из облпсти взаимодействия двух коротких лазерных импульсов в разреженной плазме  |f Л. М. Горбунов, А. А. Фролов 
225 1 |a Плазма, газы 
320 |a Библиогр.: 14 назв. 
461 1 |0 (RuTPU)RU\TPU\prd\1443  |x 0044-4510  |t Журнал экспериментальной и теоретической физики  |l ЖЭТФ  |f Российская академия наук (РАН) ; Отделение физических наук РАН  |d 1931- 
463 1 |0 (RuTPU)RU\TPU\prd\91821  |t Т. 125, вып. 3  |v с. 598-608  |d 2004 
610 1 |a удвоенная плазменная частота 
610 1 |a электромагнитное излучение 
610 1 |a короткие лазерные импульсы 
610 1 |a разреженная плазма 
610 1 |a стоячие плазменные волны 
610 1 |a разреженная плазма 
610 1 |a параметры лазерных импульсов 
610 1 |a энергетические характеристики 
610 1 |a спектральные характеристики 
610 1 |a угловые характеристики 
700 1 |a Горбунов  |b Л. М. 
701 1 |a Фролов  |b А. А. 
801 1 |a RU  |b 63413507  |c 20041201  |g PSBO 
801 2 |a RU  |b 63413507  |c 20101202  |g RCR 
942 |c BK